Δίωνος Χρυσοστόμου λόγοι : αρχαίον κείμενον

Αποθηκεύτηκε σε:
Λεπτομέρειες βιβλιογραφικής εγγραφής
Κύριος συγγραφέας: Δίων Χρυσόστομος, π. 40-120
Άλλοι συγγραφείς: Αχείμαστος, Ν. (Μεταφραστής)
Μορφή: Βιβλίο
Γλώσσα:Greek
Ancient Greek
Δημοσίευση: Αθήναι : Ι.Ν. Ζαχαρόπουλος, 1958
Σειρά:Κλασσική βιβλιοθήκη. Αρχαίοι Έλληνες συγγραφείς ; ; 98-99
Θέματα:
Ετικέτες: Προσθήκη ετικέτας
Δεν υπάρχουν, Καταχωρήστε ετικέτα πρώτοι!

MARC

LEADER 00000cam a2200000 i 4500
001 1/26871
008 060323s1958 gre d
035 |l 10083266 
040 |a GR-MY-UA  |b gre  |e aacr 
041 1 |a gre  |h grc 
082 0 |a 885.01  |2 (22) 
100 0 |a Δίων Χρυσόστομος,   |d π. 40-120. 
245 1 0 |a Δίωνος Χρυσοστόμου λόγοι :  |b αρχαίον κείμενον /  |c Δίων Χρυσόστομος ; εισαγωγή - μετάφρασις - σχόλια Ν. Αχειμάστου 
260 |a Αθήναι :   |b Ι.Ν. Ζαχαρόπουλος,   |c 1958 
300 |a 340 σ.;  |c 21 εκ. 
490 1 |a Κλασσική βιβλιοθήκη. Αρχαίοι Έλληνες Συγγραφείς  |v ; 98-99 
500 |a Με: Λυσίου λόγοι / Λυσίας. - Περί ύψους / Ανωνύμου 
505 0 |a Τ.1. Περί βασιλείας Γ' και Δ', Λιβυκός μύθος. - τ.2. Διογένης ή περί Τυραννίδος, Ευβοϊκός ή Κυνηγός 
650 0 0 |a Literature, Ancient. 
650 0 0 |a Speeches, addresses, etc., Greek. 
700 1 |a Αχείμαστος, Ν.  |4 trl 
830 0 |a Κλασσική βιβλιοθήκη.   |p Αρχαίοι Έλληνες συγγραφείς ;  |v ; 98-99 
852 |a INST  |b RHODES  |c KRI  |e 20060323  |h  885.01 ΔΙΩ  |p 005400021166  |q 005400021166  |t BK  |y 0 
901 |a BIBL4-2006-1 
909 |a Ρ  |b 123406 
970 |a ΚΟΖΑ  |b ΜΑΡΙΑ  |z 2006/03/23